La etnografía : (Registro nro. 4632)
[ vista simple ]
| 000 -LEADER | |
|---|---|
| fixed length control field | 00919naa a2200193 a 4500 |
| 003 - CONTROL NUMBER IDENTIFIER | |
| control field | AR-MoUNM |
| 005 - DATE AND TIME OF LATEST TRANSACTION | |
| control field | 20150818114053.0 |
| 008 - FIXED-LENGTH DATA ELEMENTS--GENERAL INFORMATION | |
| fixed length control field | 150225b2001 ag ||||| |||| 00| 0 spa d |
| 040 ## - CATALOGING SOURCE | |
| Transcribing agency | AR-MoUNM |
| 100 1# - MAIN ENTRY--PERSONAL NAME | |
| 9 (RLIN) | 1621 |
| Personal name | Guber, Rosana. |
| 240 10 - UNIFORM TITLE | |
| Uniform title | Recurso Accesible |
| 245 13 - TITLE STATEMENT | |
| Title | La entrevista etnográfica o el arte de la "no directividad” / |
| Medium | [recurso electrónico] / |
| Statement of responsibility, etc | Rosana Guber. |
| 300 ## - PHYSICAL DESCRIPTION | |
| Extent | Datos electrónicos : (1 archivo : 89 KB) |
| 500 ## - GENERAL NOTE | |
| General note | Capítulo 4. |
| 505 0# - FORMATTED CONTENTS NOTE | |
| Formatted contents note | Material digitalizado preparado con fines de estudio o recreación, para uso exclusivo y personal de usuarios no videntes, o con otras discapacidades perceptivas. No está disponible para otros usuarios para proteger los derechos de autor en la normativa vigente. |
| 650 #7 - SUBJECT ADDED ENTRY--TOPICAL TERM | |
| 9 (RLIN) | 54 |
| Topical term or geographic name as entry element | TRABAJO SOCIAL |
| Source of heading or term | unescot |
| 773 0# - HOST ITEM ENTRY | |
| Host Biblionumber | 279 |
| Host Itemnumber | 484 |
| Main entry heading | Gúber, Rosana. |
| Title | La etnografía : |
| Relationship information | p. 75-100. |
| Place, publisher, and date of publication | Bogotá : Norma, 2001. |
| Other item identifier | 1211 |
| 942 ## - ADDED ENTRY ELEMENTS (KOHA) | |
| Koha item type | Artículos |
| Withdrawn status | Lost status | Damaged status | Not for loan | Home library | Current library | Date acquired | Total Checkouts | Date last seen | Price effective from | Koha item type |
|---|---|---|---|---|---|---|---|---|---|---|
| Biblioteca Accesible | Biblioteca Accesible | 25/02/2015 | 25/02/2015 | 25/02/2015 | Recurso electrónico |


